[Event "Ostrava op"]
[Site "Ostrava"]
[Date "2009.05.02"]
[Round "1"]
[White "Salek, Josef"]
[Black "Petrov, Bogoljub"]
[Result "1-0"]
[WhiteElo "1720"]
[BlackElo "1970"]
[PlyCount "155"]
[EventDate "2009.05.02"]
[EventType "swiss"]
[EventRounds "9"]
[EventCountry "CZE"]
[SourceTitle "EXT 2011"]
[Source "ChessBase"]
[SourceDate "2010.11.26"]
[SourceVersion "1"]
[SourceVersionDate "2010.11.26"]
[SourceQuality "1"]

1. d4 d5 2. c4 e6 3. Nf3 c6 4. e3 Bd6 5. c5 Bc7 6. b4 Nd7 7. a4 f5 8. Bb2 Ngf6 9. Bd3 Ne4 10. Nbd2 Qf6 11. Qc2 0-0 12. g3 g5 13. 0-0 Qh6 14. Bxe4 fxe4 15. Ne5 Nf6 16. f4 exf3 17. Rxf3 Bd7 18. a5 Be8 19. Raf1 Bh5 20. R3f2 Bxe5 21. dxe5 Ng4 22. Rxf8+ Rxf8 23. Rxf8+ Qxf8 24. Nf1 Qf3 25. Qd2 Bg6 26. h3 Be4 27. hxg4 Qxg4 28. Bd4 h5 29. Qf2 Qh3 30. Qh2 Qg4 31. Qf2 Qh3 32. Nh2 h4 33. gxh4 g4 34. Qe2 Bf5 35. Qg2 Qxh4 36. Nf3 Qh7 37. Qg3 Qg7 38. Nh2 Be4 39. Qxg4 Bf5 40. Qxg7+ Kxg7 41. Kf2 Kg6 42. Kg3 a6 43. Kf4 Kf7 44. Nf3 Ke7 45. Ng5 Bd3 46. Bc3 Bc2 47. Be1 Bg6 48. Bh4 Kd7 49. Nf3 Bd3 50. Kg5 Bf1 51. Kf6 Bh3 52. Ng5 Bg4 53. Nf7 Bh3 54. Nd6 Bg4 55. Nxb7 Bh3 56. Nd6 Bg4 57. Kg5 Bh3 58. Kf4 Bg2 59. Kg3 Bh1 60. Nf7 d4 61. exd4 Bd5 62. Kf4 Bc4 63. Ng5 Bd3 64. Ne4 Bc4 65. Nf6+ Kc7 66. Kg5 Bd3 67. Kh6 Kd8 68. Kg7 Ke7 69. Ng8+ Ke8 70. Kf6 Kd7 71. Kf7 Bc4 72. Be7 Bb3 73. Nf6+ Kc8 74. Ke8 Bc2 75. Bd6 Bd3 76. Ke7 Bf5 77. Ne8 Bg4 78. Nc7 1-0

[Event "Ostrava SMP op"]
[Site "Ostrava"]
[Date "2006.05.01"]
[Round "3"]
[White "Crha, Bretislav"]
[Black "Salek, Josef"]
[Result "0-1"]
[WhiteElo "1932"]
[BlackElo "1784"]
[PlyCount "86"]
[EventDate "2006.04.29"]
[EventType "swiss"]
[EventRounds "9"]
[EventCountry "CZE"]
[SourceTitle "EXT 2008"]
[Source "ChessBase"]
[SourceDate "2007.11.25"]
[SourceVersion "1"]
[SourceVersionDate "2007.11.25"]
[SourceQuality "1"]

1. e4 c5 2. Nf3 Nc6 3. d4 cxd4 4. Nxd4 Nf6 5. Nc3 d6 6. Be2 Bd7 7. 0-0 a6 8. Be3 e6 9. f3 Be7 10. Qe1 Rc8 11. Qf2 0-0 12. Rfd1 Qc7 13. Nxc6 Qxc6 14. Rac1 Ne8 15. Nb1 Bf6 16. c3 Nc7 17. Qg3 e5 18. c4 Ne6 19. Nc3 Nd4 20. Bf1 Qc5 21. Qf2 Bc6 22. h4 Bxh4 23. Qxh4 Nxf3+ 24. gxf3 Qxe3+ 25. Kg2 f5 26. Qe1 Qg5+ 27. Qg3 Qh6 28. Nd5 Bxd5 29. exd5 Rf6 30. Kf2 Rg6 31. Qh3 Qf4 32. Rc3 b5 33. b3 bxc4 34. Rxc4 Rxc4 35. bxc4 e4 36. Be2 Rh6 37. Qxh6 Qxh6 38. fxe4 Qf4+ 39. Ke1 fxe4 40. Rb1 e3 41. Rb8+ Kf7 42. a4 Qh4+ 43. Kd1 Qd4+ 0-1

[Event "Ostrava SMP op"]
[Site "Ostrava"]
[Date "2006.04.30"]
[Round "2"]
[White "Salek, Josef"]
[Black "Jamka, Bretislav"]
[Result "1/2-1/2"]
[WhiteElo "1784"]
[BlackElo "1950"]
[PlyCount "108"]
[EventDate "2006.04.29"]
[EventType "swiss"]
[EventRounds "9"]
[EventCountry "CZE"]
[SourceTitle "EXT 2008"]
[Source "ChessBase"]
[SourceDate "2007.11.25"]
[SourceVersion "1"]
[SourceVersionDate "2007.11.25"]
[SourceQuality "1"]

1. Nf3 Nf6 2. g3 d5 3. d4 c5 4. e3 Nc6 5. Bg2 Bg4 6. h3 Bh5 7. b3 e6 8. Bb2 Bd6 9. 0-0 0-0 10. Nc3 cxd4 11. exd4 Rc8 12. Re1 Bb4 13. a3 Ba5 14. b4 Bb6 15. Na4 Bc7 16. Rc1 Ne7 17. Nc5 b6 18. Nd3 Ne4 19. g4 Bg6 20. Nfe5 Bb8 21. c3 Nd6 22. Re3 Qc7 23. Nf4 Nc4 24. Re2 Nc6 25. Nfxg6 hxg6 26. Nf3 Rfd8 27. Rcc2 e5 28. dxe5 N6xe5 29. Nxe5 Nxe5 30. Bc1 Nc4 31. Qd3 b5 32. Re1 Re8 33. Rce2 Rxe2 34. Qxe2 a6 35. Kf1 Qh2 36. Qe7 Ne5 37. Bd2 Nd3 38. Qd7 Rf8 39. Re8 Bd6 40. Rxf8+ Bxf8 41. Qxd5 Nf4 42. Qf3 Nxg2 43. Qxg2 Qd6 44. Be1 Qd3+ 45. Kg1 Qe2 46. Qf1 Qa2 47. Qd3 Qxa3 48. Qe4 a5 49. bxa5 Qxa5 50. Kg2 Qa4 51. Qe8 Qc4 52. f3 Qc5 53. h4 Qe7 54. Qxe7 Bxe7 1/2-1/2

[Event "Ostrava SMP op"]
[Site "Ostrava"]
[Date "2006.04.29"]
[Round "1"]
[White "Salek, Josef"]
[Black "Tyn, Marek"]
[Result "1-0"]
[WhiteElo "1784"]
[BlackElo "1371"]
[PlyCount "71"]
[EventDate "2006.04.29"]
[EventType "swiss"]
[EventRounds "9"]
[EventCountry "CZE"]
[SourceTitle "EXT 2008"]
[Source "ChessBase"]
[SourceDate "2007.11.25"]
[SourceVersion "1"]
[SourceVersionDate "2007.11.25"]
[SourceQuality "1"]

1. Nf3 d5 2. d4 e6 3. g3 c5 4. e3 Nc6 5. Bg2 Nf6 6. 0-0 Be7 7. b3 0-0 8. Bb2 Bd7 9. Ne5 h6 10. Nc3 Bd6 11. f4 Nh7 12. Nxd7 Qxd7 13. Nb5 b6 14. Nxd6 Qxd6 15. a4 cxd4 16. exd4 Rfc8 17. Rc1 Ne7 18. Bh3 Re8 19. Kg2 Rac8 20. Qd3 Qd7 21. Bg4 Nf6 22. Bf3 Ng6 23. Rf2 Rf8 24. Ba3 Rfe8 25. Bb4 a5 26. Bd2 Rc7 27. h4 h5 28. Re2 Re7 29. Qa6 Qd6 30. Bxa5 Rc6 31. Bd2 Qc7 32. Bb4 Re8 33. c4 Qd7 34. Qb5 Qc7 35. Rce1 Ng4 36. Bxd5 1-0